书目信息 |
| 题名: |
木工雕刻全书 : 从零开始真正掌握木雕技艺
|
|
| 作者: | 埃弗雷特·爱伦伍德 著 | |
| 分册: | ||
| 出版信息: | 北京 北京科学技术出版社 2014.05 |
|
| 页数: | 214页 | |
| 开本: | 26cm | |
| 丛书名: | ||
| 单 册: | ||
| 中图分类: | J314.2 | |
| 科图分类: | ||
| 主题词: | 雕塑--(技术)美术 | |
| 电子资源: | ||
| ISBN: | 7-5304-7050-7 | |
| 000 | 00719nam0 2200193 450 | |
| 001 | 1562262105 | |
| 005 | 20151110172001.36 | |
| 010 | @a7-5304-7050-7@dCNY65.00 | |
| 100 | @a20151110d2014 km y0chiy0120 ea | |
| 101 | 0 | @achi |
| 102 | @aCN@b110000 | |
| 200 | 1 | @a木工雕刻全书 : 从零开始真正掌握木雕技艺@Amu gong diao ke quan shu:cong ling kai shi zhen zheng zhang wo mu diao ji yi@f(美) 埃弗雷特·爱伦伍德著@F(mei)ai fu lei te·ai lun wu de zhu |
| 210 | @a北京@c北京科学技术出版社@d2014.05 | |
| 215 | @a214页@d26cm | |
| 606 | 0 | @a雕塑@x(技术)美术 |
| 690 | @aJ314.2@v4 | |
| 701 | 0 | @a埃弗雷特·爱伦伍德@Aai fu lei te·ai lun wu de@4著 |
| 801 | 0 | @aCN@b大连网信软件有限公司图书馆·11@c20151110 |
| 905 | @aZUCC@dJ314.2@eM530 | |
| 木工雕刻全书 : 从零开始真正掌握木雕技艺/(美) 埃弗雷特·爱伦伍德著.-北京:北京科学技术出版社,2014.05 |
| 214页;26cm |
| ISBN 7-5304-7050-7:CNY65.00 |
| ● |
| 相关链接 |
|
|
|
正题名:木工雕刻全书 : 从零开始真正掌握木雕技艺
索取号:J314.2/M530
 
预约/预借
| 序号 | 登录号 | 条形码 | 馆藏地/架位号 | 状态 | 备注 |
| 1 | 497694 | 204976945 | 社科库309/309社科库 81排4列3层/ [索取号:J314.2/M530] | 在馆 |